000 01449nam a2200325 i 4500
001 000016004
003 DO-SdBNP
005 20260424111843.0
007 ta
008 100223s1981 dr r 000 0 spa d
040 _aDO-SdBNP
_bspa
_cBNPHU
_erda
041 _aspa
082 4 _a348.7293
_bR426c
_222
110 1 _aRepública Dominicana.
_bSuprema Corte de Justicia.
_97906
245 1 0 _aCompendio de legislación y jurisprudencia dominicanas :
_bíndice de la legislación vigente en la República Dominicana 1980 en fecha 31 de diciembre de 1980 y compilación de la jurisprudencia sentada por la Suprema Corte de Justicia durante la década 1970-1979 /
_ccompilación, William C. Headrick ; prólogo, Luis Heredia Bonetti.
264 1 _aSanto Domingo, República Dominicana :
_bAmigo del Hogar,
_c1981.
300 _a348 páginas ;
_c29 cm.
336 _atexto
_btxt
_2rdacontent
337 _asin mediación
_bn
_2rdamedia
338 _avolumen
_bnc
_2rdacarrier
590 _aInventariado, 2018/BT
650 0 _aJurisprudencia,
_xRecopilaciones, repertorios, etc.
_924052
650 4 _aJurisprudencia
_zRepública Dominicana
_921317
650 4 _aSentencias
_zRepública Dominicana
_919124
650 4 _aLeyes
_zRepública Dominicana
_93033
700 1 _aHeadrick, William C.,
_ecompilador
_4comp.
_935949
700 1 _aHeredia Bonetti, Luis,
_eprologuista
_99316
_4pr.
910 _aValidado. Control de calidad. EMS
942 _2ddc
_cLBS1
999 _c15546
_d15546